[Event "DVM U12w 2025"]
[Site "Neumünster GER"]
[Date "2025.12.28"]
[Round "4"]
[White "Huang, Flora Yueya"]
[Black "Tu, Tiffany"]
[Result "1-0"]
[Termination "normal"]
[Board "1.1"]
[WhiteElo "1834"]
[BlackElo "1782"]
[WhiteClock "00:45:59"]
[BlackClock "00:01:40"]
[WhiteTeam "SK Bad Homburg"]
[BlackTeam "Schachzwerge Magdeburg"]
[PlyCount "144"]
[WhiteFideId "533015651"]
[BlackFideId "34628576"]
[EventCountry "GER"]
[EventRounds "7"]
[EventType "team-swiss"]
[EventDate "2025.12.26"]

1. d4 {[%clk 01:30:58]} {[%emt 00:00:02]} d5 {[%clk 01:30:40]} {[%emt
00:00:20]} 2. c4 {[%clk 01:31:24]} {[%emt 00:00:05]} e6 {[%clk 01:31:04]}
{[%emt 00:00:06]} 3. Nf3 {[%clk 01:31:51]} {[%emt 00:00:04]} c6 {[%clk
01:31:12]} {[%emt 00:00:21]} 4. g3 {[%clk 01:32:17]} {[%emt 00:00:04]} Bd6
{[%clk 01:31:32]} {[%emt 00:00:09]} 5. Bg2 {[%clk 01:32:40]} {[%emt 00:00:08]}
Nf6 {[%clk 01:31:31]} {[%emt 00:00:31]} 6. Nc3 {[%clk 01:32:46]} {[%emt
00:00:24]} O-O {[%clk 01:30:03]} {[%emt 00:01:57]} 7. Qc2 {[%clk 01:32:36]}
{[%emt 00:00:41]} Nbd7 {[%clk 01:29:13]} {[%emt 00:01:19]} 8. O-O {[%clk
01:32:34]} {[%emt 00:00:33]} Re8 {[%clk 01:28:50]} {[%emt 00:00:50]} 9. e4
{[%clk 01:32:17]} {[%emt 00:00:50]} dxe4 {[%clk 01:28:33]} {[%emt 00:00:48]}
10. Nxe4 {[%clk 01:32:42]} {[%emt 00:00:05]} Nxe4 {[%clk 01:28:33]} {[%emt
00:00:29]} 11. Qxe4 {[%clk 01:33:06]} {[%emt 00:00:07]} e5 {[%clk 01:25:14]}
{[%emt 00:03:49]} 12. Bg5 {[%clk 01:29:13]} {[%emt 00:04:23]} f6 {[%clk
01:23:05]} {[%emt 00:02:38]} 13. Bd2 {[%clk 01:29:22]} {[%emt 00:00:21]} exd4
{[%clk 01:20:47]} {[%emt 00:02:48]} 14. Qxd4 {[%clk 01:29:27]} {[%emt
00:00:25]} Bc5 {[%clk 01:19:37]} {[%emt 00:01:38]} 15. Qc3 {[%clk 01:28:16]}
{[%emt 00:01:43]} Ne5 {[%clk 01:12:08]} {[%emt 00:07:57]} 16. Nxe5 {[%clk
01:26:58]} {[%emt 00:01:49]} Rxe5 {[%clk 01:12:24]} {[%emt 00:00:15]} 17. Bf4
{[%clk 01:25:44]} {[%emt 00:01:44]} Re8 {[%clk 01:11:50]} {[%emt 00:01:00]} 18.
Rad1 {[%clk 01:21:30]} {[%emt 00:04:48]} Qb6 {[%clk 01:11:37]} {[%emt
00:00:39]} 19. Bd6 {[%clk 01:21:08]} {[%emt 00:00:56]} Bg4 {[%clk 01:09:59]}
{[%emt 00:02:06]} 20. Bxc5 {[%clk 01:21:05]} {[%emt 00:00:36]} Qxc5 {[%clk
01:10:06]} {[%emt 00:00:15]} 21. Rc1 {[%clk 01:11:40]} {[%emt 00:10:02]} Rad8
{[%clk 01:01:29]} {[%emt 00:09:05]} 22. Qb3 {[%clk 01:08:54]} {[%emt 00:03:18]}
Re7 {[%clk 00:56:34]} {[%emt 00:05:25]} 23. Qc3 {[%clk 00:54:24]} {[%emt
00:15:00]} Red7 {[%clk 00:48:41]} {[%emt 00:08:17]} 24. b4 {[%clk 00:54:03]}
{[%emt 00:00:57]} Qb6 {[%clk 00:44:42]} {[%emt 00:03:34]} 25. c5 {[%clk
00:53:16]} {[%emt 00:02:12]} Qb5 {[%clk 00:44:47]} {[%emt 00:00:24]} 26. Qb3+
{[%clk 00:52:34]} {[%emt 00:01:13]} Kf8 {[%clk 00:43:20]} {[%emt 00:01:57]} 27.
a4 {[%clk 00:52:06]} {[%emt 00:00:58]} Qd3 {[%clk 00:39:52]} {[%emt 00:03:53]}
28. Qxd3 {[%clk 00:51:43]} {[%emt 00:00:58]} Rxd3 {[%clk 00:39:55]} {[%emt
00:00:27]} 29. b5 {[%clk 00:51:27]} {[%emt 00:00:46]} Bf3 {[%clk 00:39:35]}
{[%emt 00:00:50]} 30. Bxf3 {[%clk 00:51:24]} {[%emt 00:00:33]} Rxf3 {[%clk
00:39:59]} {[%emt 00:00:07]} 31. Rb1 {[%clk 00:44:59]} {[%emt 00:06:54]} Rc3
{[%clk 00:38:23]} {[%emt 00:02:05]} 32. bxc6 {[%clk 00:36:27]} {[%emt
00:09:03]} bxc6 {[%clk 00:38:46]} {[%emt 00:00:07]} 33. Rb7 {[%clk 00:36:39]}
{[%emt 00:00:19]} a5 {[%clk 00:36:55]} {[%emt 00:02:21]} 34. Re1 {[%clk
00:36:46]} {[%emt 00:00:23]} Rxc5 {[%clk 00:36:26]} {[%emt 00:00:59]} 35. Ree7
{[%clk 00:37:03]} {[%emt 00:00:12]} Rg5 {[%clk 00:35:22]} {[%emt 00:01:24]} 36.
f4 {[%clk 00:36:52]} {[%emt 00:00:51]} Rg6 {[%clk 00:20:26]} {[%emt 00:15:26]}
37. Rec7 {[%emt 00:04:03]} h5 {[%clk 00:17:29]} 38. Kf2 {[%clk 00:36:12]}
{[%emt 00:00:48]} Kg8 {[%clk 00:13:40]} {[%emt 00:04:34]} 39. Rxc6 {[%clk
00:36:36]} {[%emt 00:00:06]} Rd4 {[%clk 00:13:04]} {[%emt 00:01:00]} 40. Rc5
{[%clk 00:36:30]} {[%emt 00:00:43]} Rxa4 {[%clk 00:12:12]} {[%emt 00:01:20]}
41. Rxh5 {[%clk 00:36:53]} {[%emt 00:00:08]} Rh6 {[%clk 00:10:54]} {[%emt
00:01:49]} 42. Rxh6 {[%clk 00:37:11]} {[%emt 00:00:12]} gxh6 {[%clk 00:11:23]}
43. h4 {[%clk 00:37:01]} {[%emt 00:00:40]} Rb4 {[%clk 00:09:33]} {[%emt
00:02:19]} 44. Ra7 {[%clk 00:32:49]} {[%emt 00:04:40]} Rb5 {[%clk 00:08:15]}
{[%emt 00:01:50]} 45. Ke3 {[%clk 00:30:54]} {[%emt 00:02:25]} Rb3+ {[%clk
00:08:05]} {[%emt 00:00:40]} 46. Ke4 {[%clk 00:30:11]} {[%emt 00:01:14]} Rb5
{[%clk 00:20:39]} {[%emt 00:17:56]} 47. g4 {[%clk 00:56:49]} {[%emt 00:03:52]}
h5 {[%clk 00:18:14]} {[%emt 00:02:55]} 48. g5 {[%clk 00:54:04]} {[%emt
00:03:15]} f5+ {[%clk 00:11:49]} {[%emt 00:06:54]} 49. Kd4 {[%clk 00:53:57]}
{[%emt 00:00:37]} Kh8 {[%clk 00:10:38]} {[%emt 00:01:41]} 50. Ke3 {[%clk
00:47:43]} {[%emt 00:06:45]} Kg8 {[%clk 00:10:03]} {[%emt 00:01:01]} 51. Kd4
{[%clk 00:47:55]} {[%emt 00:00:22]} Kh8 {[%clk 00:09:45]} {[%emt 00:00:48]} 52.
Rc7 {[%clk 00:41:57]} {[%emt 00:06:28]} Kg8 {[%clk 00:04:31]} {[%emt 00:05:44]}
53. Rc5 {[%clk 00:41:22]} {[%emt 00:01:05]} Rb4+ {[%clk 00:04:27]} {[%emt
00:00:34]} 54. Ke5 {[%clk 00:41:47]} {[%emt 00:00:04]} a4 {[%clk 00:04:15]}
{[%emt 00:00:43]} 55. Ra5 {[%clk 00:42:09]} {[%emt 00:00:09]} Kf7 {[%clk
00:03:55]} {[%emt 00:00:47]} 56. Kxf5 {[%clk 00:42:30]} {[%emt 00:00:10]} Rc4
{[%clk 00:03:34]} {[%emt 00:00:51]} 57. g6+ {[%clk 00:42:40]} {[%emt 00:00:21]}
Kg7 {[%clk 00:03:33]} {[%emt 00:00:31]} 58. Kg5 {[%clk 00:42:57]} {[%emt
00:00:13]} Rc6 {[%clk 00:02:45]} {[%emt 00:01:17]} 59. f5 {[%clk 00:43:01]}
{[%emt 00:00:27]} Rd6 {[%clk 00:02:15]} {[%emt 00:01:00]} 60. Rxa4 {[%clk
00:43:18]} {[%emt 00:00:13]} Rd5 {[%clk 00:02:27]} {[%emt 00:00:18]} 61. Ra7+
{[%clk 00:43:34]} {[%emt 00:00:14]} Kf8 {[%clk 00:02:12]} {[%emt 00:00:42]} 62.
Rf7+ {[%clk 00:43:53]} {[%emt 00:00:14]} Kg8 {[%clk 00:02:23]} {[%emt
00:00:18]} 63. Kxh5 {[%clk 00:44:18]} {[%emt 00:00:06]} Rc5 {[%clk 00:02:10]}
{[%emt 00:00:43]} 64. Kg5 {[%clk 00:44:11]} {[%emt 00:00:37]} Rc1 {[%clk
00:02:00]} {[%emt 00:00:39]} 65. h5 {[%clk 00:44:30]} {[%emt 00:00:12]} Rg1+
{[%clk 00:02:16]} {[%emt 00:00:13]} 66. Kf6 {[%clk 00:44:53]} {[%emt 00:00:08]}
Rh1 {[%clk 00:01:41]} {[%emt 00:01:05]} 67. Rh7 {[%clk 00:45:02]} {[%emt
00:00:20]} Re1 {[%clk 00:01:22]} {[%emt 00:00:48]} 68. h6 {[%clk 00:45:23]}
{[%emt 00:00:10]} Re2 {[%clk 00:01:05]} {[%emt 00:00:47]} 69. Rf7 {[%clk
00:45:43]} {[%emt 00:00:11]} Re8 {[%clk 00:01:10]} {[%emt 00:00:24]} 70. Kg5
{[%clk 00:45:19]} {[%emt 00:00:55]} Rd8 {[%clk 00:01:14]} {[%emt 00:00:25]} 71.
h7+ {[%clk 00:45:44]} {[%emt 00:00:06]} Kh8 {[%clk 00:01:36]} {[%emt 00:00:08]}
72. Kh6 {[%clk 00:45:59]} {[%emt 00:00:15]} Re8 {[%clk 00:01:40]} {[%emt
00:00:25]}  73. g7# 1-0